000 00526nam a2200181Ia 4500
005 20260415160329.0
008 008 250505s9999 xx 000 0 eng d
037 _aTextual
040 _aFEDL
_beng
_cFEDL
041 _aeng
_2eng
084 _a304.6 NAT
_qFEDL
245 0 _aPopulation
260 _aBombay, India
_bVora and Company Publishers Private Limited
_c1947
300 _axv,145p.
490 _aNational Planning Committee
942 _cTEXL
_h304.6 NAT
999 _c1321751
_d1321751